000
00303nam a22001457a 4500
008
221011b ||||| |||| 00| 0 eng d
020
_a
9781933053691
041
_a
eng
080
_a
004
082
_a
004
100
_a
19
101
_a
SHENCA
245
_a
ICD-10-PCS
_c
PUCKETT C
942
_2
udc
_c
BK
999
_c
58498
_d
58498